| 000 | 00479nam a2200169Ia 4500 | ||
|---|---|---|---|
| 001 | 2970 | ||
| 008 | 220702s1993 ii a g b000 u 465 u | ||
| 082 | _a954.162 | ||
| 100 | _aBarua Bahadur, Rai K..L. | ||
| 245 | 0 |
_aEarly History of Kamrupa / _cRai K..L Barua Bahadur. _hTextual Documents |
|
| 250 | _aIst / | ||
| 260 |
_aShillong : _bPublished by the Author , _c1993. |
||
| 300 |
_a342 p : _bFigures ; _c22 cm . |
||
| 504 | _aIndex | ||
| 653 | _aKamrup History | ||
| 942 |
_2ddc _cBK |
||
| 999 |
_c2958 _d2958 |
||